000 00992nam a22003017a 4500
001 BR9402965
003 BR-BrBNA
005 20230928094041.0
007 ta
008 230509b bl.||||| |||| 00| 0 por d
040 _aBR-BrBNA
_bpor
_cBiblioteca Nacional de Agricultura
041 _a(Por)
072 _aQ54
_b0230
090 _ 0230 BR9402965
100 1 _aNatividade, M.A.E.
110 1 _aEscola Superior de Agricultura de Lavras, MG (Brasil)
_0Tese (Mestrado)
245 1 _aEstudo quimico e nutricional do concentrado proteico de folhas de cana-de-acucar (Saccharum officinarum L.)obtido por termocoagulacao
260 3 _aLavras, MG (Brasil):
_c1992.
300 _a149 p.
500 _a30 tables; Bibliography p. 117-141 (123 ref.); Summaries (Eng, Por); 9 illus.
650 _aCana de Acucar
650 _aFolha
650 _aConcentrado Proteico
650 _aComposicao Quimica
650 _aValor Nutritivo
909 _a202309
_bLucia
_c55
_dLucia Elande
942 _cBK
999 _c48604
_d48604